00665nam a2200193 a 450000100100000000500170001000800410002702000150006804000250008310000330010824500700014126000360021130000210024749000210026870000320028983000270032195201060034899900170045400003552220200930074414.0111103s2001 sp 000 0 spa d a8466301720 aDO-SdBNPbspacBNPHU1 aEllroy, James,d1948-91503410aL. A. Confidential /cJames Ellroy ; traducción Carlos Gardini. aEspaña :bEdiciones B,c2001. a611 p. ;c18 cm.1 aPunto de lectura1 aGardini, Carlosetr.912983 0aPunto de lectura93047 0010507-18MOaGRbGRcOId2011-11-03iLF1l0o p35522-10r2020-06-25w2020-06-25y1ZNo se presta c35013d35013